Proceedings of the Eastern Joint Computer Conference : Theme: Information processing systems, reliability and requirements. Papers and discussions presented at the Joint IRE-AIEE-ACM Computer Conference, Washington, D.C., December 8-10, 1953. Sponsors: The Institute of Radio Engineers Professional Group on Electronic Computers; The American Institute of Electrical Engineers Committee on Computing Devices; The Association for Computing Machinery.

Guardado en:
Autores Corporativos: Institute of Radio Engineers. Professional Group on Electronic Computers., American Institute of Electrical Engineers. Committee on Computing Devices., Association for Computing Machinery.
Formato: Libro
Idioma:English
Publicado: New York : The Institute of Radio Engineers, c1954.
Etiquetas: Agregar Etiqueta
Sin Etiquetas, Sea el primero en etiquetar este registro!
LEADER 01030nam a22001575a 4500
001 MAT.inmabb000933
008 031119s1954####nyu###########100#0#eng#d
005 20180612151836.0
245 1 0 |a Proceedings of the Eastern Joint Computer Conference :  |b Theme: Information processing systems, reliability and requirements. Papers and discussions presented at the Joint IRE-AIEE-ACM Computer Conference, Washington, D.C., December 8-10, 1953. Sponsors: The Institute of Radio Engineers Professional Group on Electronic Computers; The American Institute of Electrical Engineers Committee on Computing Devices; The Association for Computing Machinery. 
260 |a New York :  |b The Institute of Radio Engineers,  |c c1954. 
300 |a 125 p. ;  |c 28 cm. 
710 2 |a Institute of Radio Engineers.  |b Professional Group on Electronic Computers. 
710 2 |a American Institute of Electrical Engineers.  |b Committee on Computing Devices. 
710 2 |a Association for Computing Machinery. 
084 |a 68-XX  |2 msc2000 
859 |h 68  |i P963i-1953  |p A-768  |b BIB. MATEMATICA